Elementary Statistics in social research (Record no. 1389012)

MARC details
000 -LEADER
fixed length control field 00671nam a2200241Ia 4500
005 - DATE AND TIME OF LATEST TRANSACTION
control field 20250508164419.0
008 - FIXED-LENGTH DATA ELEMENTS--GENERAL INFORMATION
fixed length control field 008 250505s9999 xx 000 0 eng d
020 ## - INTERNATIONAL STANDARD BOOK NUMBER
International Standard Book Number 81-317-0402-5
037 ## - SOURCE OF ACQUISITION
Stock number TextBook
040 ## - CATALOGING SOURCE
Original cataloging agency FEDL
Language of cataloging eng
Transcribing agency FEDL
041 ## - LANGUAGE CODE
Language code of text/sound track or separate title eng
Source of code eng
084 ## - COLON CLASSIFICATION NUMBER
Classification number 001.422, LEV
Assigning agency FEDL
100 ## - MAIN ENTRY--PERSONAL NAME
Personal name Levin Jack
9 (RLIN) 147458
245 #0 - TITLE STATEMENT
Title Elementary Statistics in social research
250 ## - EDITION STATEMENT
Edition statement 10
260 ## - PUBLICATION, DISTRIBUTION, ETC.
Place of publication, distribution, etc. Delhi, India
Name of publisher, distributor, etc. Pearson Education
Date of publication, distribution, etc. 2006
300 ## - PHYSICAL DESCRIPTION
Extent 528p.
365 ## - TRADE PRICE
Price type code INR
Price amount 295
650 ## - SUBJECT ADDED ENTRY--TOPICAL TERM
Topical term or geographic name entry element Research method-statistics
9 (RLIN) 778063
700 ## - ADDED ENTRY--PERSONAL NAME
Personal name Fox James Alan
9 (RLIN) 778064
942 ## - ADDED ENTRY ELEMENTS (KOHA)
Koha item type Textbook
Classification part 001.422, LEV
Holdings
Withdrawn status Lost status Damaged status Not for loan Home library Current library Date acquired Cost, normal purchase price Total Checkouts Full call number Barcode Date last seen Price effective from Koha item type
        Department of Education Library Department of Education Library 2025-05-08 295.00   001.422, LEV EL0082637 2025-05-08 2025-05-08 Textbook
Copyright @ Delhi University Library System